| 000 | 00424nam a22001457a 4500 | ||
|---|---|---|---|
| 999 |
_c7937 _d7937 |
||
| 003 | OSt | ||
| 005 | 20200609160337.0 | ||
| 008 | 200609b ||||| |||| 00| 0 eng d | ||
| 020 | _a9788415391296 | ||
| 082 |
_a711 _bLUC |
||
| 110 | _aLucas Capelli (Editor) | ||
| 245 | _aCity sense : shaping our environment with real-time data : 4th Advanced Architecture Contest | ||
| 260 |
_aNew York _bActar _cJanuary 15, 2013 |
||
| 942 | _2ddc | ||